LEADER 00837cam0-2200301---450- 001 990004635200403321 005 20160912115152.0 035 $a000463520 035 $aFED01000463520 035 $a(Aleph)000463520FED01 035 $a000463520 100 $a19990604d1994----km-y0itay50------ba 101 0 $aita 102 $aIT 105 $a--------001yy 200 1 $a<>Novecento letterario$eidee e fatti$fPompeo Giannantonio 210 $aNapoli$cLoffredo$d1994 215 $a399 p.$d24 cm 610 0 $aLetteratura$aSec. 20 676 $a809.04$v22$zita 700 1$aGiannantonio,$bPompeo$f<1923-2001>$0164044 801 0$aIT$bUNINA$gRICA$2UNIMARC 901 $aBK 912 $a990004635200403321 952 $a809.04 GIA 2$bBibl.16458$fFLFBC 959 $aFLFBC 996 $aNovecento letterario$9551790 997 $aUNINA LEADER 01616nam0 22003491i 450 001 UON00485585 005 20231205105308.924 010 $a978-88-671-9145-1 100 $a20180202d2017 |0itac50 ba 101 $aita$aSWA 102 $aIT 105 $a|||| ||||| 200 1 $aUshairi na Uhuru$epoesie scelte di Abdilatif Abdalla e Euphrase Kezilahabi$dmkusanyo wa tungo za Abdilatif Abdalla na Euphrase Kezilahabi$fCuratori e traduttori$dWahariri na Wafasiri$eFlavia Aiello e Roberto Gaudioso 210 $aNapoli$c[s.n.]$d2017 215 $a99 p.$d24 cm 316 $adono prof.ssa Aiello$5IT-UONSI AORLETTS a/177 606 $aPoesia Swahili$xAntologie$3UONC020826$2FI 620 $aIT$dNapoli$3UONL000012 676 $a896.3921008$cPoesia Swahili - Antologie$v21 700 1$aAbdalla$bAbdilatif$3UONV045688$00 701 1$aKezilahabi$bEuphrase$3UONV044995 702 1$aAIELLO$bFlavia$3UONV086292 702 1$aGAUDIOSO$bRoberto$3UONV238003 712 $aR. Istituto Orientale in Napoli$3UONV265274$4650 790 1$aAIELLO TRAORE, Flavia$zAIELLO, Flavia$3UONV244113 801 $aIT$bSOL$c20260313$gRICA 856 4 $uhttp://hdl.handle.net/11574/174083$zhttp://hdl.handle.net/11574/174083 899 $aSIBA - SISTEMA BIBLIOTECARIO DI ATENEO E ARCHIVIO STORICO$2UONSI$uhttp://hdl.handle.net/11574/174083 912 $aUON00485585 950 $aSIBA - SISTEMA BIBLIOTECARIO DI ATENEO E ARCHIVIO STORICO$dSI LETT S a 177 $eSI 24890 7 177 dono prof.ssa Aiello 996 $aUshairi na Uhuru$91576496 997 $aUNIOR